书目信息 |
| 题名: |
安全体系结构的设计、部署与操作
|
|
| 作者: | 克里斯托弗 , King , 道尔顿 , Dalton , 奥斯奥哥罗 , Osmanoglu 著 ;常晓波 , 杨剑峰 译 | |
| 分册: | ||
| 出版信息: | 北京 清华大学出版社 2003.04 |
|
| 页数: | 315页 | |
| 开本: | 24cm | |
| 丛书名: | ||
| 单 册: | ||
| 中图分类: | TP309 | |
| 科图分类: | ||
| 主题词: | 信息系统--安全技术 | |
| 电子资源: | ||
| ISBN: | 7-302-06229-3 | |
| 000 | 01236nam0 2200325 45 | |
| 001 | 012004000000 | |
| 005 | 20050111152606.49 | |
| 010 | @a7-302-06229-3@dCNY 39.00 | |
| 100 | @a20041120d2003 em y0chiy0121 ea | |
| 101 | 1 | @achi@ceng |
| 102 | @aCN@b110000 | |
| 105 | @aak z 000yy | |
| 200 | 1 | @a安全体系结构的设计、部署与操作@Aan quan ti xi jie gou de she ji bu shu yu cao zuo@f(美)克里斯托弗(Christopher M. King), (美)道尔顿(Curtis E. Dalton), (美)奥斯奥哥罗(T. Ertem Osmanoglu)著@g常晓波, 杨剑峰译 |
| 210 | @a北京@c清华大学出版社@d2003.04 | |
| 215 | @a315页@c图, 表格@d24cm | |
| 304 | @a书名原文: Ecurity architecture design, development operations | |
| 320 | @a本书含参考文献 | |
| 510 | 1 | @aEcurity architecture design, development operations@zeng |
| 606 | 0 | @a信息系统@x安全技术 |
| 690 | @aTP309@v4 | |
| 701 | 1 | @a克里斯托弗@Ake li si tuo fu@bC. M.@4著 |
| 701 | A1 | @aKing@bChristopher M.@4著 |
| 701 | 1 | @a道尔顿@Adao er dun@bC. E.@4著 |
| 701 | A1 | @aDalton@bCurtis E.@4著 |
| 701 | 1 | @a奥斯奥哥罗@Aao si ao ge luo@bT. E.@4著 |
| 701 | A1 | @aOsmanoglu@bT. Ertem@4著 |
| 702 | 0 | @a常晓波@Achang xiao bo@4译 |
| 702 | 0 | @a杨剑峰@Ayang jian feng@4译 |
| 801 | 0 | @aCN@bQSSKxf@c20050111 |
| 905 | @a10447@dTP309@eK650 | |
| 安全体系结构的设计、部署与操作/(美)克里斯托弗(Christopher M. King), (美)道尔顿(Curtis E. Dalton), (美)奥斯奥哥罗(T. Ertem Osmanoglu)著/常晓波, 杨剑峰译.-北京:清华大学出版社,2003.04 |
| 315页:图, 表格;24cm |
| ISBN 7-302-06229-3:CNY 39.00 |
| ● |
| 相关链接 |
|
|
|
正题名:安全体系结构的设计、部署与操作
索取号:TP309/K650
 
预约/预借
| 序号 | 登录号 | 条形码 | 馆藏地/架位号 | 状态 | 备注 |
| 1 | 436096 | 204360967 | 自科库301/301自科库 46排3列4层/ [索取号:TP309/K650] | 在馆 | |
| 2 | 436097 | 204360976 | 自科库301/301自科库 46排3列4层/ [索取号:TP309/K650] | 在馆 | |
| 3 | 436098 | 204360985 | 自科二线404/404自科库 18排6列4层/ [索取号:TP309/K650] | 在馆 |